000 00913nam a2200265Ia 4500
003 OSt
005 20221005111128.0
006 a|||||r|||| 00| 0
007 ta
008 221004b |||||||| |||| 00| 0 hin d
020 _a9789350000878 (hbk)
_cINR 595.00
024 _a29583
037 _b78, 15/03/2017, Mallika Books
_cTextual
040 _aCRL
_cCRL
_bhin
041 _2hin
_ahin
082 _aO152,6N41:g, Q6
100 _aरविकान्त, संपा.
245 0 _aआलोचना और समाज
246 _aĀlochanā aur samāja
260 _aनई दिल्ली
_bवाणी प्रकाशन भारत
_c2016
300 _a252पृ0
_ccm.
650 _aहिन्दी निबंध
942 _hO152,6N41:g, Q6
_cTEXL
_2cc
999 _c1020899
_d1020899